| 000 | 01033nac a22003377a 4500 | ||
|---|---|---|---|
| 001 | BR0305589 | ||
| 003 | BR-BrBNA | ||
| 005 | 20240105122914.0 | ||
| 008 | 230509b bl.|||m| |||| 00| 0 por d | ||
| 040 |
_aBR-BrBNA _bpor _cBiblioteca Nacional de Agricultura |
||
| 072 | _aL73; L70 | ||
| 090 | _a5212 BR0305589 | ||
| 100 | 1 | _aKessler, R.H. | |
| 100 | 1 | _aSoares, C.O. | |
| 100 | 1 | _aMadruga, C.R. | |
| 100 | 1 | _aAraújo, F.R. de | |
| 110 | 1 | _aEMBRAPA Gado de Corte, Campo Grande, MS (Brasil) | |
| 245 | 1 | _aTristeza parasitária dos bovinos: quando vacina é preciso | |
| 260 | 3 |
_aCampo Grande, MS (Brasil): _c2002. |
|
| 300 | _a27 p. | ||
| 490 |
_aDocumentos - EMBRAPA Gado de Corte (Brazil) _vno. 131 _xISSN 1517-3747 |
||
| 500 | _aSummaries (En, Pt); 36 ref. | ||
| 650 | _aBOVINO | ||
| 650 | _aTRISTEZA PARASITÁRIA | ||
| 650 | _aDOENÇA ANIMAL | ||
| 650 | _aPROTOZOÁRIO | ||
| 650 | _aVACINA | ||
| 650 | _aTRANSMISSÃO DE DOENÇA | ||
| 909 |
_a202312 _bLúcia Elande _c55 _dLúcia Elande |
||
| 942 |
_2AGRIS _n0 _cMS |
||
| 999 |
_c293260 _d293260 |
||